000
00306nam a22001337a 4500
008
181009b xxu||||| |||| 00| 0 eng d
020
_a
9781111538910
041
_a
eng
080
_2
2nd
_a
710
100
_a
44
101
_a
ART
245
_a
Contemporary Color Theory & Use
_c
Bleicher,S
942
_2
udc
_c
BK
999
_c
49169
_d
49169